00829cam a22002537a 4500003000500000005001700005008004100022010001000063011001000073020001500083035001000098040000900108100003700117245009000154260007000244300001900314410005300333490003600386650002800422650001000450700002600460810005300486830003600539CHAP20220817043917.0031001d199? es r 00110 spa d a87767 a88739 a8449102634 a99284 cCHAP00aDíaz Hernández, Ma. Belén.10aPoda de pequeños frutosc/por Ma. Belén Díaz Hernández y Manuel Coque Fuertes aMadrid :bMinisterio de Agricultura Pesca y Alimentación,c199? a32 p. :bilus.00aMinisterio de Agricultura Pesca y Alimentación 0aHojas divulgadorasv; 3-4/95 HD14aArboles frutalesxPoda.14aPoda.00aCoque Fuertes, Manuel00aMinisterio de Agricultura Pesca y Alimentación0 aHojas divulgadorasv; 3-4/95 HD